Rural is affordable (Record no. 118430)
[ view plain ]
| 000 -LEADER | |
|---|---|
| fixed length control field | 01032cam a2200193 4500 |
| 001 - CONTROL NUMBER | |
| control field | WB@3612-772 |
| 008 - FIXED-LENGTH DATA ELEMENTS--GENERAL INFORMATION | |
| fixed length control field | 041209n2004 000 0 eng u |
| 035 ## - SYSTEM CONTROL NUMBER | |
| System control number | (Sirsi) u128266 |
| 245 ## - TITLE STATEMENT | |
| Title | Rural is affordable |
| 260 ## - PUBLICATION, DISTRIBUTION, ETC. | |
| Date of publication, distribution, etc. | 2004 |
| 490 ## - SERIES STATEMENT | |
| Series statement | DEFRA News Release |
| Volume/sequential designation | (509/04) 8 December 2004 (3) |
| 520 ## - SUMMARY, ETC. | |
| Summary, etc. | DEFRA has launched its five year plan. Its challenge is to support sustainable communities - by having a high quality environment, fair access to local services, and tackling rural social exclusion. More affordable homes are needed in order to allow rural children to be able to afford to live in towns and villages where they were brought up. Included in the plan is the rural exceptions policy which will allows councils to give planning permission to much needed affordable homes in rural areas. For further details on the five year plan see the website. http://www.defra.gov.uk |
| 590 ## - LOCAL NOTE (RLIN) | |
| Local note | WB |
| 590 ## - LOCAL NOTE (RLIN) | |
| Local note | WB |
| 650 ## - SUBJECT ADDED ENTRY--TOPICAL TERM | |
| Topical term or geographic name entry element | HOUSING SUPPLY |
| 650 ## - SUBJECT ADDED ENTRY--TOPICAL TERM | |
| Topical term or geographic name entry element | SOCIAL HOUSING |
| 690 ## - LOCAL SUBJECT ADDED ENTRY--TOPICAL TERM (OCLC, RLIN) | |
| Topical term or geographic name as entry element | RURAL |
| 9 (RLIN) | 6268 |
| 942 ## - ADDED ENTRY ELEMENTS (KOHA) | |
| Suppress in OPAC | 0 |
| Withdrawn status | Lost status | Source of classification or shelving scheme | Damaged status | Not for loan | Home library | Current library | Shelving location | Date acquired | Total Checkouts | Full call number | Barcode | Date last seen | Copy number | Price effective from | Koha item type |
|---|---|---|---|---|---|---|---|---|---|---|---|---|---|---|---|
| Dewey Decimal Classification | London | London | News article | 09/12/2004 | WB4047-15 | 128266-1001 | 06/08/2019 | 1 | 06/08/2019 | News article |